000 00657nam a22001817a 4500
999 _c187219
_d187219
005 20220406135416.0
010 _aENG-132240
020 _a9789383723522
_c595.00
035 _aEN-115772
037 _bDBAD/PUB
082 _a338.1018954
100 _aSHARMA ,VARINDER
245 _aAgricultural Development in Punjab and Haryana;
_bAchievements and Challenges
_cVarinder Sharma
260 _a Delhi
_bLG PUBLISHERS DISTRIBUTORS
_c2019
270 _a49, street no.14, pratap nagar mayur vihar phase I, Delhi
_bDelhi
_e110091
_mlgpdist@gmail.com
300 _a200p.
_bIndex, Bibliography
_c23cm(hbk)
942 _2ddc
_cEN
_mSHA
_h338.1018954